Convocatoria de España, Juegos Olímpicos 2024 - Estadísticas

Estadísticas generales
  • Esta prueba ha sido intentada 97 veces
  • La puntuación promedio es 13 de 18
Estadísticas de respuestas
Imagen Respuesta % Correcto
Pau Cubarsí
98%
Eric García
94%
Álex Baena
93%
Fermín López
88%
Samu Omorodion
86%
Arnau Tenas
85%
Pablo Barrios
85%
Miguel Gutiérrez
80%
Abel Ruiz
79%
Aimar Oroz
79%
Diego López
73%
Sergio Gómez
71%
Marc Pubill
67%
Juan Miranda
65%
Joan García
63%
Beñat Turrientes
56%
Adrián Bernabé
41%
Jon Pacheco
35%
No se encontraron pruebas coincidentes
Distribución de puntuación
Porcentaje de gente con cada puntuación
Porcentaje por número respondido
Historial de tus puntuaciones
No has intentado esta prueba.